000 01369nam0a22003011 4500
001 rc\2284725
005 20260406124034.0
035 _a(NLR Aleph) 006563606
090 _a6870002
_c6870002
100 _a20110829d1976 |||y0rusy50 ca
101 0 _arus
102 _aRU
_aRU
105 _ay z |||||
200 1 _aВопросы марийского языкознания
_e[Сборник статей]
_fКировский гос. пед. ин-т им. В.И. Ленина, Марийск. гос. пед. ин-т им. Н.К. Крупской
_g[Ред. коллегия: доц. Ф.И. Гордеев (отв ред.) и др.]
210 _aКиров
_cКиров. пед. ин-т
_d1976
_aЙошкар-Ола
_cМарийск. пед. ин-т
215 _a58 с.
_d21
320 _aСписок лит. в примеч.: с. 56-57
606 _aМарийский язык
_jСборники
_2psbo
686 _aШ166.32я43
_2rubbk
702 1 _aГордеев
_bФ.И.
_4340
712 0 2 _aМарийский государственный педагогический институт им. Н. К. Крупской
_cЙошкар-Ола
_3RU\NLR\AUTH\8816895
_9307048
801 0 _aRU
_bNLR
_gpsbo
801 1 _aRU
_bELAR
_2rusmarc
852 _aNLR
_j77-4/13470
899 _aRuMoRGB
_jБ 77-20/45
899 _aRuMoRGB
_jБ 77-20/46
942 _cBOOK
980 _aNB